00757nam a22002177a 450000500170000008200230001710000180004024500820005826000950014030000100023550200080024565000370025365000220029065000250031265000150033765000130035270000230036594200120038899900190040095201200041920260422103523.0 a630.71bAMA/FA PG  aAmaljith, V J aFarmer networking and stakeholder dynamics in kole lands of Thrissur district aVellankkarabDepartment of Agricultural Extension Education, College of Agriculturec 2026 a104p. aMSc aAgricultural Extension Education aFarmer networking aStakeholder dynamics aKole lands aThrissur aSunil, V G (Guide) 2ddccTH c374601d374601 001040718THaKAUCLVbKAUCLVcTECHd2026-04-22l0o630.71 AMA/FA PG p176901r2026-04-22 10:36:16w2026-04-22yTH